000 01425nam a22001937a 4500
001 10019
003 FISKH
005 20260401110725.0
008 260330b cb ||||| |||| 00| 0 eng d
020 _a9787536574373
040 _aFISKH
_bchi
_cFISKH
_dFISKH
082 _a793
100 _a北猫
245 _a米小圈脑筋急转弯:古堡大冒险 /
_c北猫
300 _a139 pages :
_bcolor illustrations ;
_c17 cm .
520 _a这本书是“米小圈脑筋急转弯”系列之一,通过一个有趣的冒险故事来串联一系列的脑筋急转弯题目,既让孩子们读故事,又在闯关答题中锻炼思维能力。故事的主线是:米小圈的好朋友姜小牙被神秘的黑衣人抓走了,而黑衣人向米小圈他们提出了挑战——只要答对所有问题,就放走姜小牙并送出宝藏。米小圈和伙伴们在古堡中经历了三关紧扣、逐级递进的智慧关卡,绞尽脑汁、开动大脑,最终成功解答所有问题。黑衣人兑现承诺放了姜小牙,并告诉他们:“真正的宝藏不是外物,而是自己大脑的无限潜能。”后来才发现,黑衣人其实是铁头、姜小牙和米小圈的爸爸假扮的这一出,既令人哭笑不得又充满趣味。整本书通过轻松幽默的故事和机智的问题引导小读者拓展思维,在笑声中提高逻辑推理能力。
942 _2ddc
_cBOOK
_n0
999 _c10019
_d10019